TESORI ARTE CRISTIANA (Record n. 205503)
[ formato base ]
| 000 -LEADER | |
|---|---|
| fixed length control field | 00546nas a2200193Ia 4500 |
| 001 - CONTROL NUMBER | |
| control field | 206/R29 |
| 003 - CONTROL NUMBER IDENTIFIER | |
| control field | IT-RoPAU |
| 008 - FIXED-LENGTH DATA ELEMENTS--GENERAL INFORMATION | |
| fixed length control field | 151202c99999999xx |||||||||||| ||und|| |
| 040 ## - CATALOGING SOURCE | |
| Original cataloging agency | IT-RoPAU |
| 040 ## - CATALOGING SOURCE | |
| Transcribing agency | IT-RoPAU |
| 100 ## - MAIN ENTRY--PERSONAL NAME | |
| Personal name | AA.VV. |
| 210 ## - ABBREVIATED TITLE | |
| Abbreviated title | TESORI ARTE CRISTIANA |
| 222 ## - KEY TITLE | |
| Key title | TESORI ARTE CRISTIANA |
| 245 ## - TITLE STATEMENT | |
| Title | TESORI ARTE CRISTIANA |
| 501 ## - WITH NOTE | |
| -- | Paulus - SPICS - Società San Paolo EM (non-commercial uses only) |
| -- | Copyright 2015 |
| 500 ## - GENERAL NOTE | |
| General note | varie rivistine |
| 650 ## - SUBJECT ADDED ENTRY--TOPICAL TERM | |
| Topical term or geographic name as entry element | ARTE CRISTIANA |
| Form subdivision | PUBBLICAZIONE PERIODICA |
| 942 ## - ADDED ENTRY ELEMENTS (KOHA) | |
| Koha item type | RIVISTA |
| Withdrawn status | Lost status | Damaged status | Not for loan | Home library | Current library | Date acquired | Total Checkouts | Full call number | Date last seen | Price effective from | Koha item type | Public note |
|---|---|---|---|---|---|---|---|---|---|---|---|---|
| Buone Condizioni | Not For Loan | PAULUS-BIBLIOTECA | PAULUS-BIBLIOTECA | 02/12/2015 | 206/R29 | 02/12/2015 | 02/12/2015 | RIVISTA | 9 numeri sparsi - [Scaffale: 206-9 / Piano: C3] |